| 000 | 01137cam a2200301 a 4500 | ||
|---|---|---|---|
| 001 | 11912349 | ||
| 003 | OSt | ||
| 005 | 20141117130635.0 | ||
| 008 | 991028s1999 ug b b 001 0 eng | ||
| 010 | _a 99888526 | ||
| 020 | _a9970021648 | ||
| 035 | _a(DLC) 99888526 | ||
| 040 |
_aDLC _cDLC _dDLC |
||
| 042 | _alcode | ||
| 043 | _af-ug--- | ||
| 050 | 0 | 0 |
_aRA771.7.U33 _bR87 1999 |
| 082 | 0 | 0 |
_aWA 390 R88 1999 _221 |
| 245 | 0 | 0 |
_aRural health providers in South-West Uganda / _cedited by Mohammad A.M. Kisubi & Justus Mugaju. |
| 260 |
_aKampala, Uganda : _bFountain Publishers, _c1999. |
||
| 300 |
_aviii, 180 p. : _bmaps ; _c21 cm. |
||
| 504 | _aIncludes bibliographical references and index. | ||
| 610 | 2 | 0 |
_aEuropean Development Fund/Rural Health Programme. _91977 |
| 650 | 0 |
_aRural health services _zUganda _xInternational cooperation. _91978 |
|
| 700 | 1 |
_aKisubi, Mohammad A. M. _91979 |
|
| 906 |
_a7 _bcbc _corigode _d3 _encip _f19 _gy-gencatlg |
||
| 942 |
_2z _cSLOAN |
||
| 999 |
_c746 _d746 |
||